[Event "Ch World (juniors) (under 14) (g)"]
[Site "masterchessopen.com Kemer (Turkey)"]
[Date "2009.11.22"]
[Round "11"]
[White "Azizbekyan Arpi"]
[Black "Korban Katrina (EST)"]
[Result "0-1"]
[WhiteElo "1699"]
[BlackElo "1751"]

1.e4 c5 2.Nf3 e6 3.d4 cxd4 4.Nxd4 Nf6 5.Nc3 d6 6.g3 Nc6 7.Bg2 Bd7 8.Nb3 Be7
9.O-O O-O 10.Be3 a6 11.a4 Na5 12.Nxa5 Qxa5 13.g4 Rfe8 14.Qd3 Nxg4 15.f4 h6
16.f5 e5 17.b4 Qd8 18.b5 {#R} 0-1

[Event "Czech League 2009/10 (2nd) (b)"]
[Site "masterchessopen.com Czech Republic"]
[Date "2009.12.06"]
[Round "4"]
[White "Dalecky Bretislav (CZE)"]
[Black "Misicko Jan (CZE)"]
[Result "1-0"]
[WhiteElo "2149"]
[BlackElo "2058"]

1.e4 c5 2.Ne2 e6 3.d4 cxd4 4.Nxd4 Nf6 5.Nc3 d6 6.g3 Nc6 7.Bg2 Be7 8.Nxc6 bxc6
9.e5 Nd5 10.exd6 Qxd6 11.Ne4 Qc7 12.O-O O-O 13.c4 Nb6 14.Qe2 a5 15.Ng5 h6
16.Bf4 Bd6 17.Qd3 hxg5 18.Bxd6 Qd7 19.Rad1 Rd8 20.b3 Bb7 21.Qe2 a4 22.Bc5 Qc7
23.Qe3 Rxd1 24.Rxd1 Nd7 25.Bd6 Qa5 26.b4 Qf5 27.Be4 Qf6 28.b5 Ne5 29.Bxe5 {#r}
1-0

[Event "Ch City (open)"]
[Site "masterchessopen.com Belgrade (Serbia)"]
[Date "2010.01.27"]
[Round "5"]
[White "Zivkovic Sava (SRB)"]
[Black "Sredojevic Ivan (SRB)"]
[Result "1-0"]
[WhiteElo "2251"]
[BlackElo "2390"]

1.e4 c5 2.Nf3 e6 3.d4 cxd4 4.Nxd4 d6 5.Nc3 Nf6 6.g3 Bd7 7.Bg2 Nc6 8.O-O Be7
9.Nb3 O-O 10.g4 h6 11.f4 b5 12.e5 dxe5 13.g5 hxg5 14.fxg5 Nh7 15.Ne4 Qb6+
16.Kh1 Nd4 17.Be3 Bc6 18.c3 a5 19.cxd4 a4 20.Nbc5 Rad8 21.Qh5 exd4 22.Rxf7
Rxf7 23.g6 Bf6 24.Nxe6 {#r} 1-0

[Event "Ch Colombia (juniors) (under 12)"]
[Site "masterchessopen.com Bogota (Colombia)"]
[Date "2010.03.30"]
[Round "3"]
[White "Blandon Luis Guillermo (COL)"]
[Black "Zuleta Juan Carlos"]
[Result "1-0"]
[WhiteElo "2003"]
[BlackElo "1825"]

1.e4 c5 2.Nf3 e6 3.d4 cxd4 4.Nxd4 Nf6 5.Nc3 d6 6.g3 Nc6 7.Bg2 Be7 8.Nxc6 bxc6
9.O-O O-O 10.e5 Nd5 11.exd6 Bxd6 12.Ne4 Be7 13.c4 Nb6 14.Qc2 Qd4 15.c5 Nd5
16.a3 Ba6 17.Rd1 Qe5 18.Rb1 Rad8 19.b4 f5 20.Bb2 Qc7 21.Nc3 Bc4 22.Ne2 Ba6
23.Nd4 Bc8 24.Qe2 e5 25.Nxc6 Qxc6 26.Qxe5 {#r} 1-0

[Event "Bundesliga B East 2009/10"]
[Site "masterchessopen.com Austria"]
[Date "2010.04.18"]
[Round "11"]
[White "Nagy Bence (HUN)"]
[Black "Roehrl Karl (AUT)"]
[Result "1-0"]
[WhiteElo "2382"]
[BlackElo "2284"]

1.e4 c5 2.Nf3 e6 3.d4 cxd4 4.Nxd4 Nf6 5.Nc3 d6 6.g3 a6 7.Bg2 Qc7 8.O-O Bd7
9.Re1 Be7 10.g4 h6 11.h3 Nc6 12.Nde2 O-O-O 13.Be3 Na5 14.b3 Be8 15.Qd2 Nd7
16.Nd4 Bf6 17.Ncb5 Qb6 18.Nc6 Nc5 19.Nxd6+ Rxd6 20.Qxd6 Qxc6 21.Qxc6+ Bxc6
22.Bxc5 Bxa1 23.Rxa1 Kc7 24.Bb4 Kb6 25.c4 Be8 26.Bc3 {#r} 1-0

[Event "Extra League 2009/10"]
[Site "masterchessopen.com Czech Republic"]
[Date "2010.04.18"]
[Round "11"]
[White "Fuksik Jaroslav (CZE)"]
[Black "Mozny Milos (CZE)"]
[Result "0-1"]
[WhiteElo "1712"]
[BlackElo "2379"]

1.e4 c5 2.Nc3 e6 3.Nf3 d6 4.d4 cxd4 5.Nxd4 Nf6 6.g3 Nc6 7.Bg5 h6 8.Nxc6 bxc6
9.Bxf6 Qxf6 10.Bg2 Rb8 11.Rb1 Rxb2 12.Ne2 d5 13.a4 Bb4+ 14.Kf1 Ba6 15.Bf3 Qxf3
{#R} 0-1

[Event "It (open)"]
[Site "masterchessopen.com Bisaccia (Italy)"]
[Date "2010.06.01"]
[Round "5"]
[White "Aleksic Nenad (MNE)"]
[Black "Dragojlovic Andjelko (SRB)"]
[Result "1-0"]
[WhiteElo "2049"]
[BlackElo "2379"]

1.e4 c5 2.Nf3 d6 3.d4 cxd4 4.Nxd4 Nf6 5.Nc3 e6 6.g3 Be7 7.Bg2 a6 8.O-O Qc7
9.Be3 O-O 10.g4 Nc6 11.g5 Nd7 12.f4 Re8 13.Kh1 Bf8 14.Qh5 g6 15.Qh4 b6 16.Rf3
Bg7 17.Nxc6 Qxc6 18.Rh3 Nf8 19.e5 d5 20.Bd4 Bb7 21.Nd1 Qxc2 22.Ne3 Qc7 23.Ng4
Rec8 24.Nf6+ Bxf6 25.gxf6 h5 26.Qg5 {#r} 1-0

[Event "Memorial J.Capablanca (open)"]
[Site "masterchessopen.com Habana (Cuba)"]
[Date "2010.06.10"]
[Round "1"]
[White "Fernandez Garcia Jose Luis (ESP)"]
[Black "Alarcon Rolando (CUB)"]
[Result "1-0"]
[WhiteElo "2428"]
[BlackElo "2388"]

1.e4 c5 2.Nf3 e6 3.d4 cxd4 4.Nxd4 Nf6 5.Nc3 d6 6.g3 a6 7.Bg2 Nbd7 8.O-O Qc7
9.Re1 Be7 10.Qd2 O-O 11.b3 b5 12.a4 bxa4 13.e5 dxe5 14.Bxa8 exd4 15.Nxa4 Qb8
16.Bg2 Bb4 17.c3 dxc3 18.Nxc3 Nc5 19.Qc2 e5 20.Ba3 Bxa3 21.Rxa3 Qb4 22.Raa1
Nxb3 23.Qb2 Be6 24.Rxe5 Qd4 25.Rxe6 Nxa1 26.Rxa6 Ng4 27.Ra4 Qd7 28.Rxa1 Ne5
29.Nd5 Qd6 30.Qb6 Qxb6 31.Nxb6 g6 32.Re1 Re8 33.f4 Re6 34.Na4 {#r} 1-0

[Event "It (open) \"]
[Site "masterchessopen.com St. Petersburg (Russia)"]
[Date "2010.06.17"]
[Round "2"]
[White "Mukha Aleksey (RUS)"]
[Black "Paramzina Anastasya (RUS)"]
[Result "1-0"]
[WhiteElo "1925"]
[BlackElo "1830"]

1.e4 c5 2.Nf3 d6 3.d4 cxd4 4.Nxd4 Nf6 5.Nc3 e6 6.g3 a6 7.Bg2 Be7 8.O-O O-O
9.Kh1 Nc6 10.Be3 Na5 11.f4 Nc4 12.Bc1 Qc7 13.g4 Rb8 14.g5 Nd7 15.f5 Nde5 16.f6
Bd8 17.Qh5 Qb6 18.Nce2 Qa5 19.Bf4 gxf6 20.Nb3 Qb6 21.Bxe5 Nxe5 22.gxf6 Qe3
23.Rad1 h6 24.h4 Ng6 25.Rd3 {#r} 1-0

[Event "Ch Colombia"]
[Site "masterchessopen.com Medellin (Colombia)"]
[Date "2010.07.03"]
[Round "11"]
[White "Barrientos Sergio (COL)"]
[Black "Castano Duvan Martin (COL)"]
[Result "1-0"]
[WhiteElo "2464"]
[BlackElo "2311"]

1.e4 c5 2.Nf3 e6 3.d4 cxd4 4.Nxd4 Nf6 5.Nc3 d6 6.g3 Be7 7.Bg2 O-O 8.O-O Nc6
9.Nb3 a6 10.g4 Qc7 11.g5 Nd7 12.a4 b6 13.f4 Re8 14.Qh5 Bf8 15.Rf3 g6 16.Qh4
Bb7 17.Be3 Rac8 18.Rh3 h6 19.Rf1 Nb4 20.Nd4 h5 21.Bf3 Qb8 22.Bxh5 gxh5 23.Qxh5
Bg7 24.f5 exf5 25.Nxf5 {#r} 1-0

[Event "Ch Argentina"]
[Site "masterchessopen.com Buenos Aires (Argentina)"]
[Date "2010.07.07"]
[Round "3"]
[White "Ligato Guillermo Fe (ARG)"]
[Black "Fiori Alberto Nicolas (ARG)"]
[Result "0-1"]
[WhiteElo "1917"]
[BlackElo "2158"]

1.e4 c5 2.Nf3 d6 3.d4 cxd4 4.Nxd4 Nf6 5.Nc3 e6 6.g3 Be7 7.Bg2 O-O 8.O-O a6
9.a4 Nc6 10.Nxc6 bxc6 11.e5 Nd5 12.exd6 Bxd6 13.Ne4 Be7 14.a5 f5 15.Nd2 e5
16.Nc4 e4 17.Qe2 Bc5 18.Bd2 Be6 19.Kh1 Re8 20.Rfd1 Qc7 21.Ne3 Qa7 22.b4 Nxb4
23.Bxb4 Bxb4 24.Nxf5 Kh8 25.Ra4 Bxf5 26.Rxb4 Qc5 27.Rb2 Qxa5 28.g4 Be6 29.Qxe4
Bd5 30.Qd4 Re1+ {#R} 0-1

[Event "Ch Sweden (master's group)"]
[Site "masterchessopen.com Lund (Sweden)"]
[Date "2010.07.08"]
[Round "6"]
[White "Blomstrom Lars (SWE)"]
[Black "Nilsson Viktor (SWE)"]
[Result "0-1"]
[WhiteElo "2166"]
[BlackElo "2151"]

1.e4 c5 2.Nf3 e6 3.d4 cxd4 4.Nxd4 Nf6 5.Nc3 d6 6.g3 Be7 7.Bg2 a6 8.O-O O-O
9.Be3 Qc7 10.Qe2 Nc6 11.Rad1 Rb8 12.f4 Nxd4 13.Bxd4 e5 14.Be3 b5 15.a3 Bg4
16.Bf3 Be6 17.Rf2 Rfc8 18.f5 Bc4 19.Qe1 a5 20.g4 b4 21.axb4 axb4 22.Nb1 d5
23.exd5 e4 24.Be2 Nxd5 25.Bd4 Bh4 26.Qf1 Bxf2+ 27.Bxf2 Bxe2 28.Qxe2 Qxc2
29.Qxc2 Rxc2 30.Rxd5 Rc1+ 31.Kg2 Rxb1 32.Bd4 Rd1 33.g5 Rd2+ 34.Kg3 e3 {#R} 0-1

[Event "It (open) \"]
[Site "masterchessopen.com Copenhagen (Denmark)"]
[Date "2010.08.01"]
[Round "2"]
[White "Mortensen Henrik (DEN)"]
[Black "Laursen Niels Norskov (DEN)"]
[Result "0-1"]
[WhiteElo "2015"]
[BlackElo "2211"]

1.e4 c5 2.Nf3 e6 3.g3 d6 4.d4 Nf6 5.Nc3 cxd4 6.Nxd4 Be7 7.Bg2 O-O 8.O-O a6
9.Re1 Qc7 10.h3 Nc6 11.Be3 Bd7 12.f4 Rac8 13.g4 Nxd4 14.Bxd4 Bc6 15.g5 Nd7
16.Qd2 Rfe8 17.Be3 b5 18.Ne2 Qb7 19.Ng3 Bf8 20.c3 Nb6 21.Qc2 Nc4 22.Bf2 a5
23.a3 Rc7 24.Qe2 Nb6 25.Qd2 e5 26.f5 d5 27.Qe2 dxe4 28.Nxe4 Nd5 29.Bg3 Nf4
30.Bxf4 exf4 31.Nf6+ gxf6 32.Qxe8 Qa7+ {#R} 0-1

[Event "Ch European Union (juniors) (under 12)"]
[Site "masterchessopen.com Mureck (Austria)"]
[Date "2010.08.08"]
[Round "5"]
[White "Cavadas Francisco Manuel Silva"]
[Black "Tsolaki Eleni (GRE)"]
[Result "0-1"]
[WhiteElo "1567"]
[BlackElo "1744"]

1.e4 c5 2.Nf3 e6 3.d4 cxd4 4.Nxd4 Nf6 5.Nc3 d6 6.g3 a6 7.Bg2 Qc7 8.O-O Be7
9.Be3 O-O 10.Na4 Nbd7 11.Re1 Rb8 12.Bd2 Qc4 13.Nxe6 fxe6 14.Nc3 b5 15.b3 Qc7
16.Ne2 e5 17.f4 Ng4 18.Nd4 Nb6 19.f5 h5 20.h3 Nf6 21.Nf3 Bd7 22.Bg5 Rbc8
23.Rc1 Qc5+ 24.Be3 Qc6 25.Bg5 Rc7 26.Nh4 Be8 27.Ng6 Bxg6 28.fxg6 Nbd7 29.Rf1
Qc3 30.Qe2 Qxg3 31.Bxf6 Nxf6 32.Rxf6 Rxf6 {#R} 0-1

[Event "It (open)"]
[Site "masterchessopen.com Bratto (Italy)"]
[Date "2010.08.24"]
[Round "5"]
[White "Collutiis Duilio (ITA)"]
[Black "Kogan Artur (ISR)"]
[Result "0-1"]
[WhiteElo "2447"]
[BlackElo "2526"]

1.e4 c5 2.Nf3 e6 3.d4 cxd4 4.Nxd4 Nf6 5.Nc3 d6 6.g3 Be7 7.Bg2 O-O 8.O-O Nc6
9.Nb3 Qc7 10.f4 Rd8 11.Qe2 a6 12.Be3 b5 13.a3 Rb8 14.g4 Nd7 15.g5 Bf8 16.Rad1
b4 17.axb4 Nxb4 18.Rf3 g6 19.Rh3 Nb6 20.Rd4 d5 21.e5 Nc4 22.Ne4 Bg7 23.Nf6+
Bxf6 24.gxf6 Nxe3 25.Qxe3 Nxc2 26.Qf2 Nxd4 27.Nxd4 Qc1+ 28.Bf1 Rxb2 29.Qh4 h5
30.Qg5 Rb1 31.Rf3 Qc5 32.Rf2 Kf8 33.Qh6+ Ke8 34.Ne2 d4 {#R} 0-1

[Event "Cup Governor's (open)"]
[Site "masterchessopen.com Khanty Mansyisk (Russia)"]
[Date "2010.09.17"]
[Round "1"]
[White "Musakaev Emil (RUS)"]
[Black "Drogovoz Irina (RUS)"]
[Result "1-0"]
[WhiteElo "2295"]
[BlackElo "1800"]

1.e4 c5 2.Nf3 e6 3.d4 cxd4 4.Nxd4 Nf6 5.Nc3 d6 6.g3 a6 7.Bg2 Be7 8.O-O Qc7
9.Re1 O-O 10.a4 Nc6 11.Nxc6 bxc6 12.a5 d5 13.Be3 Nd7 14.exd5 exd5 15.Bxd5 Bb4
16.Bf4 Qb7 17.Bf3 Nc5 18.Bd6 Rd8 19.Re7 Bd7 20.Qd4 Bxc3 21.bxc3 Qb2 22.Rd1 Ne6
23.Qc4 Qb7 24.Bc5 Ng5 25.Be2 Be6 26.Rxd8+ Rxd8 27.Rxb7 Bxc4 28.Bxc4 h6 29.Kg2
Ne6 30.Bxe6 fxe6 31.Bd4 g5 32.Rg7+ Kf8 33.Rc7 {#r} 1-0

[Event "Ch Europe (juniors) (under 14)"]
[Site "masterchessopen.com Batumi (Georgia)"]
[Date "2010.09.22"]
[Round "3"]
[White "Korchmar Vasiliy (RUS)"]
[Black "Daskalov Dimitar (BUL)"]
[Result "1-0"]
[WhiteElo "2214"]
[BlackElo "2021"]

1.e4 c5 2.Nf3 e6 3.d4 cxd4 4.Nxd4 Nf6 5.Nc3 d6 6.g3 Nc6 7.Bg2 Bd7 8.Ndb5 Qb8
9.Bf4 e5 10.Bg5 a6 11.Na3 Be6 12.Bxf6 gxf6 13.Nd5 Qd8 14.Nc4 b5 15.Nce3 Rc8
16.O-O Bh6 17.Qh5 Bxe3 18.Nxe3 Nb4 19.c3 Nd3 20.Qe2 Nc5 21.Rfd1 Qb6 22.b3 Ke7
23.Kh1 a5 24.f4 Na6 25.c4 Nc7 26.Rd2 Rhd8 27.Rad1 Rb8 28.f5 Bc8 29.c5 Qxc5
30.Rc2 Qb6 31.Rxc7+ {#r} 1-0

[Event "It (open)"]
[Site "masterchessopen.com Venice (Italy)"]
[Round "3"]
[White "Aleksic Nenad (MNE)"]
[Black "Tomio Dante (ITA)"]
[Result "1-0"]
[WhiteElo "2049"]
[BlackElo "1949"]

1.e4 c5 2.Nf3 d6 3.d4 cxd4 4.Nxd4 Nf6 5.Nc3 e6 6.g3 Nc6 7.Bg2 a6 8.O-O Qc7
9.Re1 Be7 10.Nxc6 bxc6 11.e5 dxe5 12.Rxe5 O-O 13.Re1 Nd5 14.Ne4 Bb7 15.a3 Rfd8
16.Qe2 a5 17.c4 Ba6 18.Qc2 Nf6 19.Bf4 e5 20.Be3 Rab8 21.Nxf6+ Bxf6 22.Bc5 g6
23.b4 axb4 24.axb4 Bc8 25.Qe2 Bg7 26.Rad1 Be6 27.Ra1 Ra8 28.Qe3 Qc8 {#r} 1-0

[Event "Czech League 2010/11 (krajsky prebor)"]
[Site "masterchessopen.com Czech Republic"]
[Date "2010.11.14"]
[Round "3"]
[White "Hosek Milan (CZE)"]
[Black "Cerveny Petr (CZE)"]
[Result "0-1"]
[WhiteElo "2304"]
[BlackElo "2299"]

1.e4 c5 2.Nf3 e6 3.d4 cxd4 4.Nxd4 Nf6 5.Nc3 d6 6.g3 Be7 7.Bg2 O-O 8.O-O Nc6
9.Be3 a6 10.Nxc6 bxc6 11.Na4 Nd7 12.c4 Qc7 13.Qc2 Rb8 14.Rac1 c5 15.f4 Bb7
16.Nc3 Rbd8 17.f5 Ne5 18.Qe2 Bf6 19.Bf4 Qe7 20.b3 Nc6 21.Qd3 Rfe8 22.Rcd1 Bd4+
23.Kh1 Bxc3 24.Qxc3 exf5 25.exf5 Nd4 26.Qd3 Bxg2+ 27.Kxg2 Qb7+ 28.Kh3 Re2
29.Rg1 Rde8 30.Rd2 Nf3 31.Rg2 Ng5+ 32.Bxg5 Qxg2+ 33.Kg4 R8e4+ {#R} 0-1

[Event "Ch Pan-American Continental"]
[Site "masterchessopen.com Cali (Colombia)"]
[Date "2010.11.17"]
[Round "1"]
[White "Mateus Martha (COL)"]
[Black "Rios Cristian Camilo (COL)"]
[Result "0-1"]
[WhiteElo "2144"]
[BlackElo "2380"]

1.e4 c5 2.Nf3 e6 3.d4 cxd4 4.Nxd4 Nf6 5.Nc3 d6 6.g3 Nc6 7.Nb3 a6 8.a4 b6 9.Bg2
Bb7 10.O-O Qc7 11.Be3 Be7 12.f4 O-O 13.g4 Nd7 14.g5 Nb4 15.Qh5 Nxc2 16.Rf3
Nxa1 17.Rh3 h6 18.Nxa1 Rfe8 19.f5 exf5 20.exf5 Bxg2 21.Kxg2 Qc6+ 22.Kf2 Ne5
23.Rg3 Nd3+ 24.Kg1 Bxg5 25.Nc2 Bxe3+ 26.Nxe3 Rxe3 27.Rxe3 Qc5 28.Qf3 Re8
29.Nd1 Nxb2 30.Kg2 Rxe3 31.Nxe3 Nc4 32.Nd5 Qxd5 {#R} 0-1

[Event "It (open)"]
[Site "masterchessopen.com Belgrade (Serbia)"]
[Date "2010.11.27"]
[Round "4"]
[White "Zivkovic Sava (SRB)"]
[Black "Rodic Dragan (SRB)"]
[Result "1-0"]
[WhiteElo "2251"]
[BlackElo "2113"]

1.e4 c5 2.Nf3 e6 3.d4 cxd4 4.Nxd4 Nf6 5.Nc3 d6 6.g3 b6 7.Bg2 Bb7 8.O-O Be7
9.e5 Bxg2 10.exf6 Bxf1 11.fxe7 Qxe7 12.Kxf1 O-O 13.Ndb5 Rd8 14.Bf4 e5 15.Nd5
Qb7 16.Bg5 f6 17.Qf3 Nc6 18.Be3 Rac8 19.Rd1 Rd7 20.Nxf6+ gxf6 21.Nxd6 Qa6+
22.Kg2 Rg7 23.Nxc8 Qxc8 24.Rd6 Nd4 25.Qd5+ {#r} 1-0

[Event "Ch Iran"]
[Site "masterchessopen.com Tabriz (Iran)"]
[Date "2011.01.04"]
[Round "5"]
[White "Vasli Aref (IRI)"]
[Black "Hosseinzadeh Nima (IRI)"]
[Result "0-1"]
[WhiteElo "2114"]
[BlackElo "2249"]

1.e4 c5 2.Nf3 d6 3.d4 cxd4 4.Nxd4 Nf6 5.Nc3 e6 6.g3 Nc6 7.Bg2 Bd7 8.O-O a6
9.a4 Be7 10.Nde2 O-O 11.h3 Qc7 12.g4 Bc8 13.f4 Nd7 14.Be3 b6 15.g5 Re8 16.h4
Bf8 17.Qe1 Nb4 18.Qd2 Bb7 19.Na2 Nxa2 20.Rxa2 Rac8 21.Nc3 d5 22.exd5 exd5
23.Bd4 Bb4 24.Raa1 Nc5 25.Be5 Qd7 26.Qd4 Qg4 27.Nxd5 Nb3 28.Ne3 Rxc2 29.Rf2
Rxf2 30.Kxf2 Qxh4+ 31.Kg1 Nxd4 {#R} 0-1

[Event "It (open)"]
[Site "masterchessopen.com Cento (Italy)"]
[Date "2011.02.05"]
[Round "1"]
[White "Collutiis Duilio (ITA)"]
[Black "Bossoni Mario (ITA)"]
[Result "1-0"]
[WhiteElo "2474"]
[BlackElo "1932"]

1.Nf3 c5 2.e4 e6 3.d4 cxd4 4.Nxd4 Nf6 5.Nc3 d6 6.g3 a6 7.Bg2 Qc7 8.O-O Nc6
9.Nxc6 bxc6 10.Na4 Bb7 11.c4 c5 12.Nc3 Be7 13.f4 h5 14.h3 O-O-O 15.Qe2 Qb8
16.Rb1 Nd7 17.Bd2 Qa7 18.Kh1 Rdg8 19.b4 f5 20.exf5 Bxg2+ 21.Kxg2 cxb4 22.Rxb4
Nc5 23.fxe6 {#r} 1-0

[Event "Memorial Pedro Lezca (open)"]
[Site "masterchessopen.com Gran Canarian (Spain)"]
[Date "2011.02.08"]
[Round "3"]
[White "Robaina Bordon Hector (ESP)"]
[Black "Gonzalez Garcia Guillermo (ESP)"]
[Result "0-1"]
[WhiteElo "1816"]
[BlackElo "2211"]

1.e4 c5 2.Nf3 d6 3.d4 cxd4 4.Nxd4 Nf6 5.Nc3 e6 6.g3 Nc6 7.Bg2 Bd7 8.O-O a6
9.Re1 Rc8 10.Nb3 b5 11.a3 Be7 12.f4 O-O 13.Kh1 Qc7 14.g4 h6 15.Rf1 Nh7 16.f5
Ne5 17.Bf4 Nc4 18.Qc1 Bf6 19.Rf3 a5 20.Bxh6 gxh6 21.Qxh6 Bg5 22.Qh5 f6 23.fxe6
Bxe6 24.Nxb5 Qd7 25.Qg6+ Kh8 26.Rh3 Bxg4 27.Nxd6 Nxd6 28.e5 Bxh3 {#R} 0-1

[Event "Tournament (open)"]
[Site "masterchessopen.com Kimry (Russia)"]
[Date "2011.05.01"]
[Round "6"]
[White "Redikultsev Boris (RUS)"]
[Black "Stepanyan Stepan (RUS)"]
[Result "1-0"]
[WhiteElo "2055"]
[BlackElo "1655"]

1.e4 c5 2.Nf3 e6 3.d4 cxd4 4.Nxd4 Nf6 5.Nc3 d6 6.g3 Be7 7.Bg2 O-O 8.O-O e5
9.Nf5 a6 10.Nxe7+ Qxe7 11.Bg5 b5 12.Nd5 Qd8 13.Nxf6+ gxf6 14.Bh6 Re8 15.f4 Kh8
16.f5 Rg8 17.Qh5 Qc7 18.Rad1 Nc6 19.Rd3 b4 20.g4 a5 21.Rh3 Ba6 22.Bf8 Qa7+
23.Rf2 Rg7 24.Bxg7+ Kxg7 25.Qh6+ Kg8 26.g5 Nd4 27.gxf6 Ne2+ 28.Kh1 {#r} 1-0

[Event "Ch Colombia (juniors) (under 18)"]
[Site "masterchessopen.com Bogota (Colombia)"]
[Date "2011.06.01"]
[Round "3"]
[White "Blandon Villa Diego"]
[Black "Rios Cristian Camilo (COL)"]
[Result "0-1"]
[WhiteElo "2129"]
[BlackElo "2349"]

1.e4 c5 2.Nf3 e6 3.d4 cxd4 4.Nxd4 Nf6 5.Nc3 d6 6.g3 Be7 7.Bg2 O-O 8.O-O Nc6
9.Be3 Qc7 10.Qe2 Nxd4 11.Bxd4 e5 12.Be3 Bg4 13.f3 Be6 14.f4 Bc4 15.Qf3 Bxf1
16.Bxf1 d5 17.fxe5 dxe4 18.Qf4 Bc5 19.Re1 Nd7 20.Qxe4 Rfe8 21.Bd3 g6 22.Nd5
Bxe3+ 23.Qxe3 Qxe5 {#R} 0-1

[Event "It (open) (b)"]
[Site "masterchessopen.com Voronezh (Russia)"]
[Date "2011.06.20"]
[Round "9"]
[White "Kiselev Alexander S (RUS)"]
[Black "Kurnakov Maxim (RUS)"]
[Result "1-0"]
[WhiteElo "2234"]
[BlackElo "1951"]

1.e4 c5 2.Nf3 d6 3.d4 cxd4 4.Nxd4 Nf6 5.Nc3 e6 6.g3 a6 7.Bg2 Be7 8.O-O e5
9.Nb3 b5 10.a4 Bb7 11.axb5 axb5 12.Rxa8 Bxa8 13.Qd3 b4 14.Nd5 Bxd5 15.exd5 O-O
16.Bd2 Qb6 17.Qc4 Qb7 18.Qxb4 Qxb4 19.Bxb4 Na6 20.Ba3 Rc8 21.c3 Rb8 22.Na5 Rb5
23.Nc6 Kf8 24.Rd1 Nb8 25.c4 Rb3 26.Na5 Rb6 27.b4 Na6 28.Nc6 Nd7 29.Bh3 Ndb8
30.b5 Nxc6 31.dxc6 {#r} 1-0

[Event "Ch Pan-American (juniors) (under 14) (g)"]
[Site "masterchessopen.com Cali (Colombia)"]
[Date "2011.07.05"]
[Round "4"]
[White "Moreno Gongora Rubi (PER)"]
[Black "Aponte Oriana Isabel (VEN)"]
[Result "0-1"]
[WhiteElo "1588"]
[BlackElo "1885"]

1.e4 c5 2.Nf3 d6 3.d4 cxd4 4.Nxd4 Nf6 5.Nc3 e6 6.g3 Nc6 7.Bg2 Bd7 8.O-O Be7
9.Nb3 a6 10.Be3 Qc7 11.f4 O-O 12.g4 Kh8 13.g5 Ng8 14.Qh5 f5 15.Rf3 Be8 16.Qh4
Bg6 17.Rh3 Rad8 18.Qf2 Qc8 19.Bf3 e5 20.Qg3 exf4 21.Bxf4 fxe4 22.Bg4 Bf5 23.g6
h6 24.Bxf5 Qxf5 25.Bxh6 Nxh6 26.Rxh6+ gxh6 27.g7+ Kh7 28.gxf8=Q Rxf8 29.Kh1
Rg8 30.Qe3 d5 31.Rg1 Bg5 32.Qc5 {#R} 0-1

[Event "Memorial L.Polugaevsky (open)"]
[Site "masterchessopen.com Samara (Russia)"]
[Date "2011.07.11"]
[Round "7"]
[White "Kolomensky Vladimir (RUS)"]
[Black "Belova Olga (RUS)"]
[Result "1-0"]
[WhiteElo "2238"]
[BlackElo "2009"]

1.e4 c5 2.Nf3 d6 3.d4 cxd4 4.Nxd4 Nf6 5.Nc3 e6 6.g3 Be7 7.Bg2 Nc6 8.O-O O-O
9.Be3 a6 10.f4 Qc7 11.Nb3 Rd8 12.Qe2 d5 13.e5 Nd7 14.Qf2 b5 15.Rad1 b4 16.Ne2
a5 17.Ned4 Nxd4 18.Nxd4 Ba6 19.Rfe1 Bc5 20.f5 Qb6 21.fxe6 fxe6 22.Nxe6 Bxe3
23.Qxe3 Qxe3+ 24.Rxe3 Rdc8 25.Bxd5 Ra7 26.Nc7+ Kh8 27.Nxa6 Rxa6 28.Bb7 {#r}
1-0

[Event "It (open) \"]
[Site "masterchessopen.com Agios Kirykos (Greece)"]
[Date "2011.07.14"]
[Round "7"]
[White "Berzina Ilze (LAT)"]
[Black "Doggers Peter (NED)"]
[Result "0-1"]
[WhiteElo "2308"]
[BlackElo "2285"]

1.e4 c5 2.Nf3 e6 3.d4 cxd4 4.Nxd4 Nf6 5.Nc3 d6 6.g3 a6 7.Bg2 Be7 8.O-O Qc7
9.h3 Nc6 10.a4 Bd7 11.Nde2 Rd8 12.g4 Bc8 13.g5 Nd7 14.f4 b5 15.axb5 axb5
16.Be3 Qb8 17.Ng3 O-O 18.Nh5 d5 19.exd5 Nb6 20.Qg4 exd5 21.Qh4 f5 22.gxf6 Bxf6
23.Nxf6+ Rxf6 24.f5 h6 25.Bf4 Qb7 26.Nxb5 Bxf5 27.Bc7 Rd7 28.Qg3 Nc4 29.Qb3
Nd2 30.Bxd5+ Kh7 31.Bg8+ Kh8 32.Qa2 Rxc7 33.Qa8 Qb6+ 34.Rf2 Rc8 {#R} 0-1

[Event "It (open)"]
[Site "masterchessopen.com Dortmund (Germany)"]
[Date "2011.07.26"]
[Round "4"]
[White "Hobusch Jan (GER)"]
[Black "Savchenko Alekseij (GER)"]
[Result "0-1"]
[WhiteElo "2036"]
[BlackElo "2251"]

1.e4 c5 2.Nf3 e6 3.d4 cxd4 4.Nxd4 Nf6 5.Nc3 d6 6.g3 a6 7.Bg2 Bd7 8.O-O Nc6
9.Be3 Rc8 10.Nxc6 Bxc6 11.a4 Qa5 12.Qd2 Ng4 13.Bf4 Qh5 14.h3 Ne5 15.Bxe5 dxe5
16.Rfd1 Bc5 17.Ne2 b5 18.c3 f5 19.b4 Bb6 20.c4 f4 21.c5 f3 22.Bf1 fxe2 23.Bxe2
Qxh3 24.Bf1 Qg4 25.cxb6 Qxe4 {#R} 0-1

[Event "It (open)"]
[Site "masterchessopen.com Tabor (Czech Republic)"]
[Date "2011.08.01"]
[Round "2"]
[White "Rosenzweig Vladimir (CZE)"]
[Black "Hausner Ivan (CZE)"]
[Result "0-1"]
[WhiteElo "2075"]
[BlackElo "2407"]

1.e4 c5 2.Nf3 e6 3.d4 cxd4 4.Nxd4 Nf6 5.Nc3 d6 6.g3 Nc6 7.Bg2 Bd7 8.O-O a6
9.Re1 Be7 10.Nxc6 Bxc6 11.Bf4 O-O 12.e5 dxe5 13.Bxc6 exf4 14.Bxb7 Rb8 15.Qxd8
Rfxd8 16.Bxa6 Rxb2 17.Red1 Rxd1+ 18.Nxd1 Rxc2 19.gxf4 Nd5 20.a4 g6 21.Ne3 Rc5
22.Nxd5 Rxd5 23.Bb7 Rd4 24.a5 Bc5 25.Ra2 Rxf4 26.Kg2 Kg7 27.f3 Rb4 28.a6 Ba7
29.Rc2 Ra4 {#R} 0-1

[Event "It (open)"]
[Site "masterchessopen.com Porto San Giorgio (Italy)"]
[Date "2011.08.27"]
[Round "8"]
[White "Vincenzi Marco (ITA)"]
[Black "Dobboletta Alex"]
[Result "1-0"]
[WhiteElo "2108"]
[BlackElo "1910"]

1.e4 c5 2.Nf3 d6 3.d4 cxd4 4.Nxd4 Nf6 5.Nc3 e6 6.g3 Be7 7.Bg2 O-O 8.O-O Bd7
9.Ndb5 Bc6 10.a4 e5 11.Bg5 Nxe4 12.Nxe4 Bxg5 13.Nxg5 a6 14.Nxh7 Kxh7 15.Nxd6
Bxg2 16.Kxg2 Qe7 17.Qh5+ Kg8 18.Rad1 Nc6 19.Nf5 Qe8 20.Rd6 Rd8 21.Qg5 {#r} 1-0

[Event "Ch Europe (juniors) (under 14)"]
[Site "masterchessopen.com Albena (Bulgaria)"]
[Date "2011.09.12"]
[Round "2"]
[White "Nikolov Rumen (BUL)"]
[Black "Bayramov Elkhan (AZE)"]
[Result "1-0"]
[WhiteElo "1819"]
[BlackElo "2055"]

1.e4 c5 2.Nf3 d6 3.d4 cxd4 4.Nxd4 Nf6 5.Nc3 e6 6.g3 Be7 7.Bg2 O-O 8.O-O Bd7
9.Be3 Nc6 10.f4 e5 11.Nf5 Bxf5 12.exf5 Qd7 13.g4 Rad8 14.g5 Ne8 15.Be4 f6
16.Bd5+ Kh8 17.Be6 Qc7 18.Nd5 Qb8 19.g6 h6 20.fxe5 fxe5 21.Qh5 Nf6 22.Nxf6
Rxf6 23.Bxh6 Rxe6 24.Bc1+ Kg8 25.Qh7+ Kf8 26.Qh8# 1-0